[Event "Riazan Region-ch"]
[Site "Riazan"]
[Date "2010.10.??"]
[Round "6"]
[White "Gorin, Alexandr2222"]
[Black "Juzbashev, Vladimir"]
[Result "1-0"]
[WhiteElo "2193"]
[BlackElo "2081"]
[PlyCount "77"]
[EventDate "2010.10.16"]
[EventType "tourn"]
[EventRounds "13"]
[EventCountry "RUS"]
[SourceTitle "EXT 2013"]
[Source "ChessBase"]
[SourceDate "2012.11.22"]
[SourceVersion "1"]
[SourceVersionDate "2012.11.22"]
[SourceQuality "1"]

1. e4 c5 2. Nf3 Nf6 3. Nc3 Nc6 4. d3 g6 5. Be3 d6 6. Qd2 Bg7 7. Be2 a6 8. Nd1 Bd7 9. c3 0-0 10. Bh6 b5 11. h4 Bxh6 12. Qxh6 Ng4 13. Qd2 h5 14. Nh2 Nxh2 15. Rxh2 Kg7 16. Ne3 Rh8 17. g4 hxg4 18. Nxg4 e5 19. h5 Bxg4 20. Bxg4 Qf6 21. Rg2 Qf4 22. 0-0-0 Qxd2+ 23. Rxd2 Kf6 24. hxg6 Rh1+ 25. Rd1 Rxd1+ 26. Bxd1 fxg6 27. Rh2 Kg7 28. a3 Rh8 29. Rxh8 Kxh8 30. b4 Kg7 31. Bg4 Ne7 32. Bd7 Kf6 33. Kd2 Kg5 34. Ke3 Kh4 35. c4 bxc4 36. dxc4 cxb4 37. axb4 Kg5 38. b5 axb5 39. cxb5 1-0

[Event "Riazan-ch"]
[Site "Riazan"]
[Date "2010.04.??"]
[Round "?"]
[White "Juzbashev, Vladimir"]
[Black "Kutjin, Daniil"]
[Result "1-0"]
[WhiteElo "2091"]
[BlackElo "1572"]
[PlyCount "78"]
[EventDate "2010.04.??"]
[EventType "swiss"]
[EventRounds "11"]
[EventCountry "RUS"]
[SourceTitle "EXT 2011"]
[Source "ChessBase"]
[SourceDate "2010.11.26"]
[SourceVersion "1"]
[SourceVersionDate "2010.11.26"]
[SourceQuality "1"]

1. d4 d5 2. Nf3 Nf6 3. c4 e6 4. Nc3 c6 5. cxd5 cxd5 6. Bf4 Be7 7. e3 0-0 8. Bd3 a6 9. Ne5 Nc6 10. 0-0 Nxe5 11. dxe5 Ne8 12. Rc1 Bd7 13. Ne2 f6 14. exf6 Bxf6 15. Qc2 g6 16. Bh6 Bg7 17. Bxg7 Nxg7 18. Qb3 Bc6 19. Nd4 Qd6 20. Qb6 Rfc8 21. Rc2 e5 22. Nb3 Qc7 23. Qxc7 Rxc7 24. Rfc1 Rac8 25. Na5 Ne6 26. Nxc6 Rxc6 27. Rxc6 Rxc6 28. Rxc6 bxc6 29. Bxa6 c5 30. Bb7 Nc7 31. e4 d4 32. b3 Kf8 33. a4 Ke7 34. h4 Kd6 35. Kf1 h6 36. Ke2 g5 37. hxg5 hxg5 38. Kd3 Ke6 39. g3 g4 1-0

[Event "Riazan Region-ch 1League"]
[Site "Riazan"]
[Date "2010.01.??"]
[Round "?"]
[White "Vasiliev, Vladimir P"]
[Black "Juzbashev, Vladimir"]
[Result "1/2-1/2"]
[WhiteElo "2350"]
[BlackElo "2091"]
[PlyCount "77"]
[EventDate "2010.01.??"]
[EventType "swiss"]
[EventRounds "9"]
[EventCountry "RUS"]
[SourceTitle "EXT 2012"]
[Source "ChessBase"]
[SourceDate "2011.11.24"]
[SourceVersion "1"]
[SourceVersionDate "2011.11.24"]
[SourceQuality "1"]

1. d4 d5 2. c4 c6 3. Nc3 Nf6 4. Nf3 a6 5. c5 Nbd7 6. Bf4 Nh5 7. Bd2 g6 8. g4 Nhf6 9. h3 Bg7 10. Bf4 h5 11. g5 Ne4 12. Qc2 Nxc3 13. Qxc3 0-0 14. e3 e5 15. dxe5 Qe7 16. Rc1 Re8 17. h4 Nxe5 18. Bxe5 Bxe5 19. Nxe5 Qxe5 20. Qxe5 Rxe5 21. Kd2 Bf5 22. Bg2 Rae8 23. Rhe1 f6 24. gxf6 Kf7 25. f3 Kxf6 26. Re2 R5e7 27. Rg1 Re5 28. Bf1 R5e7 29. a3 Re5 30. Rg3 Kf7 31. Re1 R5e7 32. Bd3 Bxd3 33. Kxd3 Re5 34. Kd4 R8e6 35. b4 Re8 36. a4 R5e6 37. b5 axb5 38. axb5 Ra8 39. bxc6 1/2-1/2

[Event "Riazan Region-ch"]
[Site "Riazan"]
[Date "2009.10.??"]
[Round "?"]
[White "Juzbashev, Vladimir"]
[Black "Ushakov, Gennadiy"]
[Result "1/2-1/2"]
[WhiteElo "2077"]
[BlackElo "2216"]
[PlyCount "20"]
[EventDate "2009.10.??"]
[EventType "tourn"]
[EventRounds "13"]
[EventCountry "RUS"]
[SourceTitle "EXT 2012"]
[Source "ChessBase"]
[SourceDate "2011.11.24"]
[SourceVersion "1"]
[SourceVersionDate "2011.11.24"]
[SourceQuality "1"]

1. d4 d5 2. c4 c6 3. Nc3 Nf6 4. Nf3 Bf5 5. cxd5 cxd5 6. Bf4 Nc6 7. e3 e6 8. Bd3 Bxd3 9. Qxd3 Bd6 10. Bxd6 Qxd6 1/2-1/2

[Event "Riazan Region-ch"]
[Site "Riazan"]
[Date "2009.10.??"]
[Round "?"]
[White "Morozov, Vladislav"]
[Black "Juzbashev, Vladimir"]
[Result "1/2-1/2"]
[WhiteElo "2114"]
[BlackElo "2077"]
[PlyCount "28"]
[EventDate "2009.10.??"]
[EventType "tourn"]
[EventRounds "13"]
[EventCountry "RUS"]
[SourceTitle "EXT 2012"]
[Source "ChessBase"]
[SourceDate "2011.11.24"]
[SourceVersion "1"]
[SourceVersionDate "2011.11.24"]
[SourceQuality "1"]

1. e4 c5 2. d3 Nc6 3. g3 g6 4. Bg2 Bg7 5. f4 d6 6. Nf3 Nf6 7. 0-0 0-0 8. h3 Bd7 9. g4 e6 10. c3 Rb8 11. a4 a6 12. Be3 b5 13. axb5 axb5 14. Nbd2 Qe7 1/2-1/2

[Event "Riazan Region-ch 1League"]
[Site "Riazan"]
[Date "2009.05.??"]
[Round "?"]
[White "Juzbashev, Vladimir"]
[Black "Surkov, Mikhail"]
[Result "1/2-1/2"]
[WhiteElo "2077"]
[BlackElo "1935"]
[PlyCount "69"]
[EventDate "2009.05.??"]
[EventType "swiss"]
[EventRounds "11"]
[EventCountry "RUS"]
[SourceTitle "EXT 2012"]
[Source "ChessBase"]
[SourceDate "2011.11.24"]
[SourceVersion "1"]
[SourceVersionDate "2011.11.24"]
[SourceQuality "1"]

1. d4 e6 2. c4 d5 3. Nf3 Be7 4. Nc3 Nf6 5. Bf4 a6 6. e3 Nbd7 7. Bd3 c6 8. 0-0 dxc4 9. Bxc4 b5 10. Bd3 Bb7 11. Qe2 c5 12. Rfd1 cxd4 13. exd4 0-0 14. Ne5 Re8 15. Rac1 Rc8 16. Bb1 Bf8 17. Bg5 Be7 18. a3 Nf8 19. Bxf6 Bxf6 20. Rd3 Qb6 21. Rcd1 Red8 22. Ne4 Bxe5 23. dxe5 Bxe4 24. Qxe4 Rxd3 25. Bxd3 Rd8 26. Re1 Qd4 27. Qxd4 Rxd4 28. Bf1 Ng6 29. g3 Rd2 30. Rc1 Rxb2 31. Rc8+ Nf8 32. Ra8 b4 33. axb4 Rxb4 34. Bxa6 Ra4 35. f4 1/2-1/2

[Event "Riazan-ch"]
[Site "Riazan"]
[Date "2009.03.??"]
[Round "?"]
[White "Morozov, Vladislav"]
[Black "Juzbashev, Vladimir"]
[Result "1/2-1/2"]
[WhiteElo "2088"]
[BlackElo "2087"]
[PlyCount "33"]
[EventDate "2009.03.??"]
[EventType "swiss"]
[EventRounds "13"]
[EventCountry "RUS"]
[SourceTitle "EXT 2010"]
[Source "ChessBase"]
[SourceDate "2010.11.25"]
[SourceVersion "1"]
[SourceVersionDate "2010.11.25"]
[SourceQuality "1"]

1. e4 c5 2. Nc3 g6 3. Nf3 Bg7 4. d4 cxd4 5. Nxd4 Nc6 6. Be3 d6 7. Qd2 Bd7 8. Be2 Nf6 9. f3 a6 10. 0-0 0-0 11. Rfe1 Rc8 12. Rad1 Ne5 13. b3 Re8 14. Nd5 b5 15. c3 Qa5 16. Rc1 h5 17. Rc2 1/2-1/2

[Event "Riazan-ch"]
[Site "Riazan"]
[Date "2009.03.??"]
[Round "?"]
[White "Stepovoj, Vladimir"]
[Black "Juzbashev, Vladimir"]
[Result "1-0"]
[WhiteElo "2359"]
[BlackElo "2087"]
[PlyCount "83"]
[EventDate "2009.03.??"]
[EventType "swiss"]
[EventRounds "13"]
[EventCountry "RUS"]
[SourceTitle "EXT 2010"]
[Source "ChessBase"]
[SourceDate "2010.11.25"]
[SourceVersion "1"]
[SourceVersionDate "2010.11.25"]
[SourceQuality "1"]

1. e4 c5 2. Nc3 g6 3. d3 Bg7 4. Be3 d6 5. Qd2 Nc6 6. g3 e5 7. Bg2 Nd4 8. Nd1 Ne7 9. c3 Ne6 10. Bh6 Bxh6 11. Qxh6 Ng8 12. Qd2 h5 13. Nf3 Nf6 14. Ne3 Bd7 15. 0-0-0 b5 16. Kb1 Qa5 17. Nd5 Nxd5 18. exd5 Ng7 19. Ng5 Bf5 20. Ka1 f6 21. Ne4 Bxe4 22. dxe4 0-0-0 23. f4 Rde8 24. Rhf1 Qd8 25. Rf2 h4 26. g4 h3 27. Bf1 a6 28. Rf3 Qe7 29. Re1 exf4 30. Qxf4 f5 31. gxf5 Rh4 32. Qg3 Rxe4 33. Rb1 Re1 34. Bd3 Rxb1+ 35. Bxb1 gxf5 36. Qxh3 Qe5 37. Qh6 Re7 38. Rg3 f4 39. Rg5 Qe1 40. Rxg7 Rxg7 41. Qxg7 Qe3 42. Qh6 1-0

[Event "Riazan Region-ch"]
[Site "Riazan"]
[Date "2007.??.??"]
[Round "2"]
[White "Juzbashev, Vladimir"]
[Black "Stepovoj, Vladimir"]
[Result "0-1"]
[WhiteElo "2080"]
[BlackElo "2345"]
[PlyCount "142"]
[EventDate "2007.04.??"]
[EventType "swiss"]
[EventRounds "9"]
[EventCountry "RUS"]
[SourceTitle "EXT 2010"]
[Source "ChessBase"]
[SourceDate "2010.11.25"]
[SourceVersion "1"]
[SourceVersionDate "2010.11.25"]
[SourceQuality "1"]

1. d4 Nf6 2. Nf3 c5 3. c3 b6 4. Bf4 Bb7 5. e3 e6 6. Nbd2 Be7 7. Bd3 d5 8. Ne5 0-0 9. 0-0 Nbd7 10. a3 Nxe5 11. dxe5 Ne4 12. f3 Nxd2 13. Qxd2 Qd7 14. Rad1 Rfd8 15. Qe2 Qa4 16. Rd2 a6 17. Rfd1 g6 18. Bc2 Qb5 19. Qxb5 axb5 20. Kf2 Kf8 21. e4 dxe4 22. Bxe4 Rxd2+ 23. Rxd2 Bxe4 24. fxe4 Ke8 25. g4 Ra4 26. Kf3 b4 27. cxb4 cxb4 28. axb4 Rxb4 29. Rc2 Bc5 30. Bd2 Rd4 31. Bc3 Rd3+ 32. Kg2 Re3 33. b4 Be7 34. Bd4 Rxe4 35. Bxb6 Bxb4 36. Kf3 Re1 37. Rc8+ Ke7 38. Rc7+ Kf8 39. Rc8+ Kg7 40. Bd8 Rxe5 41. g5 Rf5+ 42. Ke4 Bd6 43. Bf6+ Rxf6 44. gxf6+ Kxf6 45. h3 h5 46. Ra8 Bg3 47. Ra7 g5 48. Kf3 Bh2 49. Rb7 Kg6 50. Re7 Bd6 51. Rd7 Bf8 52. Rd8 Bb4 53. Rb8 Bc3 54. Rc8 Be5 55. Ke4 Bg7 56. Kf3 f5 57. Rc6 Kf6 58. Ra6 Bf8 59. Ra8 g4+ 60. hxg4 hxg4+ 61. Kg2 Bd6 62. Ra6 Be5 63. Rc6 f4 64. Ra6 Bd4 65. Ra8 e5 66. Rg8 Kf5 67. Rg7 e4 68. Rf7+ Bf6 69. Ra7 f3+ 70. Kf1 g3 71. Ra5+ Kf4 0-1